Logo CIB grande

PARCELAS PERMANENTES DE MUESTREO EN BOSQUE NATURAL TROPICAL: GUIA PARA EL ESTABLECIMIENTO Y MEDICION (Registro nro. 219842)

Detalles MARC
000 -LEADER
campo de control de longitud fija 00676nam a2200241Ia 4500
005 - FECHA Y HORA DE LA ÚLTIMA TRANSACCIÓN
campo de control 20250425161952.0
008 - DATOS DE LONGITUD FIJA--INFORMACIÓN GENERAL
campo de control de longitud fija 250425s9999 xx 000 0 und d
020 ## - NÚMERO INTERNACIONAL ESTÁNDAR DEL LIBRO
Número Internacional Estándar del Libro 9977573506
041 ## - CÓDIGO DE IDIOMA
Código de lengua del texto/banda sonora o título independiente spa
082 ## - NÚMERO DE LA CLASIFICACIÓN DECIMAL DEWEY
Número de clasificación 634.9285
010 ## - NÚMERO DE CONTROL DE LA BIBLIOTECA DEL CONGRESO
Número de control de LC 38005
100 ## - ENTRADA PRINCIPAL--NOMBRE DE PERSONA
Nombre de persona CAMACHO CALVO, MARLEN
245 #0 - MENCIÓN DEL TÍTULO
Título PARCELAS PERMANENTES DE MUESTREO EN BOSQUE NATURAL TROPICAL: GUIA PARA EL ESTABLECIMIENTO Y MEDICION
250 ## - MENCION DE EDICION
Mención de edición 1A ED.
260 ## - PUBLICACIÓN, DISTRIBUCIÓN, ETC.
Lugar de publicación, distribución, etc. Costa Rica
Nombre del editor, distribuidor, etc. CATIE
Fecha de publicación, distribución, etc. 2000
260 ## - PUBLICACIÓN, DISTRIBUCIÓN, ETC.
Lugar de publicación, distribución, etc. TURRIALBA
300 ## - DESCRIPCIÓN FÍSICA
Extensión 52
500 ## - NOTA GENERAL
Nota general SERIE TECNICA. MANUAL TECNICO/CATIE No. 42
650 ## - PUNTO DE ACCESO ADICIONAL DE MATERIA--TÉRMINO DE MATERIA
Término de materia o nombre geográfico como elemento de entrada BOSQUE NATURAL TROPICAL
650 ## - PUNTO DE ACCESO ADICIONAL DE MATERIA--TÉRMINO DE MATERIA
Término de materia o nombre geográfico como elemento de entrada MUESTREO
650 ## - PUNTO DE ACCESO ADICIONAL DE MATERIA--TÉRMINO DE MATERIA
Término de materia o nombre geográfico como elemento de entrada PARCELAS PERMANENTES
942 ## - ELEMENTOS DE ENTRADA SECUNDARIOS (KOHA)
Tipo de ítem Koha Libros
Existencias
Estatus retirado Estado de pérdida Estado de daño No para préstamo Biblioteca de origen Biblioteca actual Ubicación en estantería Fecha de adquisición Coste, precio normal de compra Total de préstamos Código de barras Copia número Tipo de ítem Koha
        CENTRO DE INFORMACIÓN BIBLIOTECARIA CENTRO DE INFORMACIÓN BIBLIOTECARIA   03/06/2003 2.00   38104 1 Libros

Copyright 2025 ESPOL. Todos los derechos reservados.